000 00298nam a2200121Ia 4500
008 180117s9999 xx 000 0 und d
100 _aby Zac b. Sarian
245 _aAgri-Talk
260 _c2017
300 _a29 pages, 2017 September 24
440 _aPhilippine Panorama
650 _aAGRICULTURE
999 _c353292
_d353292